Barclays Bank Plc and Poundland Ltd v Moore (VO) (Record no. 122000)

MARC details
000 -LEADER
fixed length control field 01279nab a22002415a 4500
005 - DATE AND TIME OF LATEST TRANSACTION
control field 20240918161236.0
007 - PHYSICAL DESCRIPTION FIXED FIELD--GENERAL INFORMATION
fixed length control field ta
008 - FIXED-LENGTH DATA ELEMENTS--GENERAL INFORMATION
fixed length control field 240918t2024 xxk r | o000 0 eng |
041 0# - LANGUAGE CODE
Language code of text/sound track or separate title eng
245 00 - TITLE STATEMENT
Title Barclays Bank Plc and Poundland Ltd v Moore (VO)
260 ## - PUBLICATION, DISTRIBUTION, ETC.
Place of publication, distribution, etc. Valuation Tribunal
Name of publisher, distributor, etc. [2024] RA 281
Date of publication, distribution, etc. 5 June 2024
300 ## - PHYSICAL DESCRIPTION
Extent 19p.
440 ## - SERIES STATEMENT/ADDED ENTRY--TITLE
Title Rating Appeals
Number of part/section of a work 2024
Name of part/section of a work part 9
520 ## - SUMMARY, ETC.
Summary, etc. Mr Steven Levy sitting for the The Valuation Tribunal for England rejected the valuation officer's argument that the locality of four retail units in Kettering and in Corby were a reasonable walking distance from each unit because many people travelled by car or public transport and that Rushden Lake shopping centre 12-20 miles away, built in 2017, was in the 'locality' of the four subject retail units. It was argued that its opening had driven footfall and revenue away from surrounding town centres. <br/><br/>
650 0# - SUBJECT ADDED ENTRY--TOPICAL TERM
Topical term or geographic name entry element LOCAL GOVERNMENT FINANCE ACT 1988
650 0# - SUBJECT ADDED ENTRY--TOPICAL TERM
Topical term or geographic name entry element LOCALITY
650 0# - SUBJECT ADDED ENTRY--TOPICAL TERM
Topical term or geographic name entry element RATING
650 0# - SUBJECT ADDED ENTRY--TOPICAL TERM
Topical term or geographic name entry element RATEABLE VALUE
651 #4 - SUBJECT ADDED ENTRY--GEOGRAPHIC NAME
Geographic name England
690 ## - LOCAL SUBJECT ADDED ENTRY--TOPICAL TERM (OCLC, RLIN)
Topical term or geographic name as entry element Valuation
9 (RLIN) 6273
856 ## - ELECTRONIC LOCATION AND ACCESS
Uniform Resource Identifier <a href="https://www.rics.org/profession-standards/knowledge-and-information-services/document-delivery-and-other-kis-fees">https://www.rics.org/profession-standards/knowledge-and-information-services/document-delivery-and-other-kis-fees</a>
Public note Available via document delivery (fees apply)
942 ## - ADDED ENTRY ELEMENTS (KOHA)
Suppress in OPAC 0
Source of classification or shelving scheme Dewey Decimal Classification
Holdings
Withdrawn status Lost status Damaged status Not for loan Home library Current library Shelving location Date acquired Total Checkouts Full call number Date last seen Price effective from Koha item type
        London London Reference copy 18/09/2024   RATING APPEALS 18/09/2024 18/09/2024 Law report